000 00699nam a2200229Ii 4500
003 JO-AjNU
008 230605s9999||||xx |||||||||||||| ||und||
017 _a1999/5/625
020 _a9957-02-039-0
040 _aJO-AjNU
_bara
_erda
_cJO-AjNU
041 _aara
050 1 4 _aNA2715.Q2334.2000
100 3 _aتاليف القضاة، فواز,
_eauthor
_951259
245 0 0 _aالظل والمنظور الهندسي
250 _aط1
264 3 1 _aعمان:دار مجدلاوي,2000
300 _a213ص
336 _atext
_btxt
_2rdacontent
337 _aunmediated
_bn
_2rdamedia
338 _avolume
_bnc
_2rdacarrier
650 4 _aالظل والمنظور الهندسي-الظل
_951260
999 _aA22630
_c26198
_d26198